Responses for Show #4504 - Thursday, March 18, 2004

Steve Reynolds game 4.

Contestants

[<< previous game]

Todd Kim, a government attorney from Washington, D.C.

Kathy Mansbery, a teacher from Stanhope, New Jersey

Steve Reynolds, an accountant from Norman, Oklahoma (whose 3-day cash winnings total $58,802)

[next game >>]

Jeopardy! Round responses

PRESIDENTS & FIRST LADIES
C PLUS
A BEASTLY CATEGORY
AMERICANA
PLEASE TAKE DIRECTION
NBA RULES
    $200 1
Thomas Jefferson

Steve
    $200 5
couch

Todd
    $200 18
the Mustang

Todd
    $200 17
the Louisiana Purchase

Todd
    $200 16
North Carolina

Steve
    $200 3
(Kathy: What is throwing a ball in bounds?)
(Todd: What is shooting a foul throw?)

shooting a free throw

KathyTodd
    $400 2
Canton

Todd
    $400 7
cage

Steve
    $400 19
the Piper Cub

Kathy
    $400 21
Maryland

Steve
    $400 20
(Todd: What is Korea?)

the Middle East

SteveTodd
    $400 4
technical foul

Kathy
    $600 8
(Andrew) Johnson

Todd
    $600 13
center

Steve
    $600 22
Coney Island

Steve
    $600 25
West Point

Todd
    $600 6
(Todd: What is the timekeeper?)
...
(Alex: Different jobs.)

scorekeeper

KathyTodd
    $800 10
(Todd: Who is Nixon?)

(Ronald) Reagan

SteveTodd
    $800 14
chair

Todd
    $800 23
Nebraska

Steve
    $800 26
South Korea

Triple Stumper
    $800 9
the shot clock/24-second clock

Steve
    $500 11
(Alex: Immediately after the death of FDR.)

Eleanor Roosevelt

Steve
    $1000 15
cinch

Todd
    $1000 24
(Alex: And we have less than a minute to go, Steve.)

Seattle

Triple Stumper
    $1000 27
[The end-of-round signal sounds.]

Westphalia

Triple Stumper
    $1000 12
10 seconds

Todd

Scores at the first commercial break (after clue 15):

Steve Kathy Todd
$3,300 $800 $2,800

Scores at the end of the Jeopardy! Round:

Steve Kathy Todd
$5,700 $1,200 $3,400

Double Jeopardy! Round responses

NOVELS
BILLBOARD'S NO. 1 LADIES
C'EST FRANC"A"
NEW BEAUTY CONTEST WINNERS
(Alex: Each response could be spelled as one word or two; it's a fun category!)
NORSE MYTHOLOGY
(Alex: It's a fun category!)
MBAs RULE!
(Alex: Not a fun category!)
    $400 11
the Wicked Witch of the West

Steve
    $400 26
Sue

Kathy
    $400 2
the Arc de Triomphe

Kathy
    $400 19
Miss Demeanor/misdemeanor

Todd
    $400 1
Valhalla

Steve
    $400 7
Michael Bloomberg

Todd
    $800 13
The Scarlet Letter

Kathy
    $800 27
Mandy

Kathy
    $800 17
Ami

Kathy
    $800 20
misdial/Miss Dial

Todd
    $800 3
(Alex: I don't think [*] was a fun guy at a party!)

Thor

Todd
    $800 8
(Kathy: What is Adam?)

(Scott) Adams

SteveKathy
    $1200 14
James and the Giant Peach

Steve
    $1200 28
Brandy

Steve
    $1200 18
Charles Aznavour

Triple Stumper
    $1200 21
mislay/Miss Lei

Todd
    $2,000 4
Odin

Todd
    $1200 9
Charles Schwab

Todd
    $1600 15
(Pat) Conroy

Steve
    $1600 30
Diana

Steve
    $1600 24
Asterix

Todd
    $1600 22
Miss Q/miscue

Todd
    $1600 5
the Valkyrie

Todd
    $1600 10
(Benjamin) Netanyahu

Kathy
    $1,500 16
Le Divorce

Steve
    $2000 29
Angie

Triple Stumper
    $2000 25
(Alex: Less than a minute to deal with the last category.)

Anana

Todd
    $2000 23
Miss Fit/misfit

Steve
    $2000 6
Loki

Todd
    $2000 12
Sara Paretsky

Triple Stumper

Scores at the end of the Double Jeopardy! Round:

Steve Kathy Todd
$16,400 $5,200 $19,000

[wagering suggestions for these scores]

Final Jeopardy! Round responses

THE 12th CENTURY
(Alex: A great century!)
(Alex: Didn't want to look at Jerusalem because he never managed to conquer it.)
KathyWho is Richard II?
$5,100
SteveWho is Charlemagne?
$100
ToddWho is Constantine?
$13,801
Richard I (Richard the Lionhearted)

Final scores:

Steve Kathy Todd
$16,300 $100 $5,199
4-day champion: $75,102 3rd place: $1,000 2nd place: $2,000

Game dynamics:

Coryat scores:

Steve Kathy Todd
$17,400 $5,200 $18,200
20 R
(including 2 DDs),
0 W
9 R,
2 W
22 R
(including 1 DD),
3 W

Combined Coryat: $40,800

[game clues] [game scores] [suggest correction]

Game tape date: 2003-12-10
The J! Archive is created by fans, for fans. Scraping, republication, monetization, and malicious use prohibited; this site may use cookies and collect identifying information. See terms. The Jeopardy! game show and all elements thereof, including but not limited to copyright and trademark thereto, are the property of Jeopardy Productions, Inc. and are protected under law. This website is not affiliated with, sponsored by, or operated by Jeopardy Productions, Inc. Join the discussion at JBoard.tv.